[Event "Turnier 40 / 120"]
[Site "Wien"]
[Date "2021.05.28"]
[Round "9"]
[White "Pewatronic Masterchess 24 MHz"]
[Black "Mephisto Risc 2"]
[Result "1/2-1/2"]
[WhiteElo "2183"]
[BlackElo "2237"]
[PlyCount "144"]
[EventDate "2021.??.??"]

1. d4 c6 2. e4 d5 3. exd5 cxd5 4. Bd3 Nc6 5. c3 Nf6 6. Bf4 {Buchende Pewatronic
} g6 7. Nf3 {Buchbewertung Pewatronic, +0,1} Bg7 8. O-O O-O 9. Nbd2 Nh5 10. Be3
f5 11. Nb3 Qd6 12. Re1 f4 13. Bd2 Bg4 14. Be2 Rae8 {Buchende Risc II, der Risc
II startet durch sein grosses Buch mit einem Zeitvorsprung von 40 Minuten in
diese Partie !} 15. h3 Bc8 {Buchbewertung Risc II, -0,30 / lt. Stockfish ist
das eine ganz schlechte Eröffnung von Schwarz, er bewertet hier die
Fortsetzung c4 bereits mit +1,80 für Weiss.} 16. c4 e6 17. Rc1 Bd7 18. a3 b6
19. Ne5 Bxe5 20. dxe5 Qxe5 {Risc II -0,38, lt. Stockfish ist Schwarz schon am
verlorenen Posten, der bewertet die Fortsetzung Lc3 mit +4,50 für Weiss.} 21.
Bg4 {Pewatronic +0,8, er verwirft im letzten Moment den stärkeren Zug Lc3,
aber auch diese Fortsetzung sieht Stockfish immerhin noch mit +3,00 für Weiss.
} Qd6 22. cxd5 {viel besser ist Sd4!} exd5 23. Bxh5 Rxe1+ 24. Bxe1 gxh5 25.
Qxh5 {besser ist Sd4!} f3 26. Bd2 $2 {mit diesem Zug verspielt der Pewatronic
den restlichen Vorteil, Stockfish sieht hier Dg5+ noch mit +1,20 für Weiss,
diesen Zug mit 0,00, die Stellung ist ausgeglichen.} Rf5 $2 {viel besser ist
fxg2, diesen Zug bewertet Stockfish wieder mit +1,20 für Weiss.} 27. Qg4+ Qg6
{besser ist Kf7} 28. Rc3 $2 {ein ganz schlechter Zug, der wieder den ganzen
Vorteil hergibt, Stockfish bewertet hier Dxg6 mit +2,00 für Weiss, diesen Zug
exakt mit 0,00} fxg2 29. Rg3 Qxg4 30. hxg4 Rf6 31. Kxg2 Rg6 32. f3 d4 33. Rh3
Be6 34. Nc1 Ne5 35. Bf4 Nc4 36. Nd3 Bf7 37. Bc1 Rd6 38. Kf2 Bg6 39. f4 Be4 40.
Ke2 Re6 {Risc II +0,07} 41. Kf2 {Pewatronic -0,3 (Stockfish 0,00)} Rc6 42. Ke2
Kg7 43. b3 Nd6 44. Bb2 Nb5 45. Kd2 Kg8 46. a4 Nc3 47. Nf2 Bg2 48. Rd3 Ne4+ 49.
Nxe4 Bxe4 50. Rxd4 Rc2+ 51. Ke3 Bf5 $1 {der beste Zug, Txb2 ? verliert die
Partie sofort.} 52. gxf5 Rxb2 53. Rd3 Kg7 54. Ke4 Re2+ 55. Kf3 Rh2 56. Kg3 Rb2
57. Kg4 Rg2+ 58. Kh3 Rb2 59. Rd7+ Kf6 60. Rxh7 Kxf5 61. Rf7+ Ke4 62. Kg4 Rg2+
63. Kh5 a5 64. Rf6 Rh2+ 65. Kg6 Rg2+ 66. Kf7 Rf2 $2 {ein MEGABOCK vom Risc II,
der diese klare Remisstellung sofort verliert, mit der Fortsetzung Ke7
bewertet Stockfish mit +5,30 für Schwarz.} 67. Rxb6 $2 {Riesenglück für den
Risc II, der Pewatronic macht es nicht besser und schiesst ebenfalls den
Megabock, das ist wieder Remis, Stockfish 0,00} Rxf4+ 68. Ke7 Kd3 69. Rc6 Rb4
70. Rc5 Rxb3 71. Rxa5 Kc4 72. Ra8 Ra3 1/2-1/2

[Event "Turnier 40 / 120"]
[Site "Wien"]
[Date "2021.05.29"]
[Round "10"]
[White "Mephisto Risc 2"]
[Black "Pewatronic Masterchess 24 MHz"]
[Result "1-0"]
[WhiteElo "2237"]
[BlackElo "2183"]
[PlyCount "113"]
[EventDate "2021.??.??"]

1. e4 e5 2. Nf3 Nf6 3. Nxe5 d6 4. Nf3 Nxe4 5. d4 d5 6. Bd3 Be7 7. O-O Nc6 8. c4
Nb4 9. Be2 O-O 10. Nc3 Be6 {Buchende Pewatronic} 11. a3 Nxc3 {Buchbewertung
Pewatronic, -0,2} 12. bxc3 {Buchende Risc II} Na6 $2 {auf diesen merkwürdigen
Zug schwenkt der Pewatronic nach 10 Minuten Bedenkzeit noch um und verwirft
den weit besseren Zug Sc6 ?} 13. cxd5 {Buchbewertung Risc II, +0,35, lt.
Stockfish ist die Ausgangslage deutlich besser für Weiss mit +0,70.} Bxd5 14.
Re1 {der verlockend aussehende Zug Lxa6, der ja Schwarz einen hässlichen
Doppelbauern machen würde ist lt. Stockfish keine gute Wahl.} Bf6 15. Bf4 c5
16. Bxa6 bxa6 17. Ne5 Rc8 18. Rc1 cxd4 19. cxd4 Rxc1 20. Qxc1 Re8 21. Re3 Qa8
22. f3 Be6 23. Nc6 {Risc II +0,23} Rc8 {Pewatronic 0,0 / Stockfish +0,10 für
Schwarz} 24. Rc3 Bd7 25. Ne5 Rxc3 26. Qxc3 Be6 27. Qc7 g5 28. Be3 Qd5 29. Qc3
Be7 30. Nc6 Bxa3 31. Qxa3 Qxc6 32. Bxg5 Qb6 33. Qc5 Bd7 34. Bd2 Kg7 35. Qg5+
Qg6 36. Qe5+ Qf6 37. Qg3+ {Risc II +0,69} Qg6 {Pewatronic -0,3 (Stockfish +0,
40 für Weiss)} 38. Qc7 Bh3 39. Qe5+ Kg8 40. Qe2 Bd7 41. Qe7 Bh3 42. Qe8+ Kg7
43. Qe2 Qe6 44. Qe4 Bf5 45. Qf4 f6 46. Kf2 Kg6 {ein schlechter Zug, Stockfish
bewertet hier Dd5 mit nur -0,30 für Schwarz, diesen Zug mit +2,00 für Weiss
mit der Fortsetzung h4.} 47. g4 {auch diese Fortsetzung ist gleichwertig,
Stockfish +2,00 für Weiss.} Bd3 48. Qe3 $2 {Risc II +0,94, leider der völlig
falsche Zug, den Stockfish nur noch mit +0,20 für Weiss bewertet, richtig war
h4!, dieser Damentausch führt zu einem Endspiel mit unterschiedlichen
Läufern, das kaum noch zu gewinnen ist.} Qxe3+ 49. Kxe3 {Risc II +1,03} Bc4 {
Pewatronic -0,5, besser ist noch Lc2 (Stockfish +0,40 für Weiss)} 50. Ke4 Bb3
51. h3 Bc2+ 52. Kd5 Bd1 53. f4 f5 $2 {Pewatronic 0,0 ??? was für ein MEGABOCK
vom Pewatronic der die Partie sofort verliert, Stockfish +8,00 mit der
Fortsetzung Ke6!} 54. Ke6 {Risc II sieht denn Gewinn +2,80} fxg4 55. f5+ Kh5
56. hxg4+ Bxg4 57. d5 {Userentscheid: 1-0} 1-0

[Event "Turnier 40 / 120"]
[Site "Wien"]
[Date "2021.05.30"]
[Round "11"]
[White "Pewatronic Masterchess 24 MHz"]
[Black "Mephisto Risc 2"]
[Result "0-1"]
[WhiteElo "2183"]
[BlackElo "2237"]
[PlyCount "88"]
[EventDate "2021.??.??"]

1. e4 c6 2. Nc3 d5 3. d4 dxe4 4. Nxe4 Nd7 5. Nf3 Ngf6 6. Ng3 e6 7. Bc4 {
Buchende Pewatronic} c5 {Buchende Risc II} 8. O-O {Buchbewertung Pewatronic,
+0,1} cxd4 {Buchbewertung Risc II, -0,11 / lt.. Stockfish ist die Stellung
für Weiss geringfügig besser, ca. +0,20} 9. Nxd4 Bc5 10. Nb3 O-O 11. Nxc5
Nxc5 12. Bg5 Ncd7 13. Ne4 h6 14. Bxf6 Nxf6 15. Qxd8 Rxd8 16. Nxf6+ gxf6 17.
Rad1 Bd7 18. Rd2 Rac8 19. Bd3 Bb5 20. Rfd1 Bxd3 21. c3 Kf8 22. Rxd3 Rxd3 23.
Rxd3 Ke7 24. Kf1 Rc5 25. b4 Rc6 26. Rh3 b5 27. Ke1 f5 28. Rxh6 {Pewatronic -0,
2 ??? ,nach über 11 Minuten Bedenkzeit macht der Pewatronic diesen
idiotischen Zug, bitte sieht der nicht dass der C-Bauer und 2 Züge später
der A-Bauer verloren geht bei einer Rechentiefe von 11 HZ ??, einfach
unverständlich, Stockfish +1,50 für Schwarz, richtig wäre natürlich Kd2
gewesen.} Rxc3 29. Rh3 {ach so der glaubt auch noch das kann gespielt werden,
Pewatronic 0,0, was für ein SCHWACHSINN, Stockfish +8,50 für Schwarz} Rxh3 {
Risc II auch nur +0,27, die Partie ist entschieden für Schwarz.} 30. gxh3 Kf6
31. f4 Kg6 32. Kf2 Kh5 33. Kg3 f6 34. h4 e5 35. Kh3 {Pewatronic -0,5
????????????, Stockfish +54,00} e4 {Risc II +2,46} 36. Kg3 {Pewatronic hat
noch immer keine Ahnung, Rechentiefe 15 HZ, -0,4} e3 37. Kf3 Kxh4 {Risc II +3,
12} 38. Kxe3 {Pewatronic -0,5} Kg4 {Risc II +1,65, merkwürdigerweise geht
auch der Risc wieder relativ stark runter mit seiner Bewertung, ist ja kaum zu
glauben.} 39. a3 {also jetzt dreht der Pewatronic völlig durch, -0,2
?????????????????} a6 40. h4 {BITTE ANSCHNALLEN DAS PACK ICH NICHT MEHR,
PEWATRONIC +0,2 ?????; BEI EINER RECHENTIEFE VON 14 HZ WO EIGENTLICH NUR NOCH
DER KÖNIG ZIEHEN KANN SIEHT DER NICHT; DASS DER F-BAUER FLÖTEN GEHT; ALSO
DAS IST JA WIRKLICH NICHT ZU FASSEN} Kxh4 41. Kf3 {Pewatronic -1,0} Kh3 42. Kf2
Kg4 43. Ke3 Kg3 44. Ke2 Kxf4 {Userentscheid: 0-1} 0-1

[Event "Turnier 40 / 120"]
[Site "Wien"]
[Date "2021.05.31"]
[Round "12"]
[White "Mephisto Risc 2"]
[Black "Pewatronic Masterchess 24 MHz"]
[Result "0-1"]
[WhiteElo "2237"]
[BlackElo "2183"]
[PlyCount "101"]
[EventDate "2021.??.??"]

1. e4 e5 2. Nf3 Nc6 3. Bb5 a6 4. Ba4 Nf6 5. O-O b5 6. Bb3 Bb7 7. Re1 Bc5 8. c3
d6 9. d4 Bb6 {Buchende Pewatronic} 10. a4 {Buchende Risc II} Na5 {
Buchbewertung Pewatronic, -0,5} 11. Bd5 {Buchbewertung Risc II, +0,15, lt.
Stockfish war schon der erste Zug von Weiss nach dem Buch sehr schlecht, er
bewertet hier Lc2 mit +0,80 für Weiss, diesen Zug mit +0,80 für Schwarz,
also gleich um 1,60 Bauerneinheiten schlechter.} Nxd5 12. exd5 f6 13. axb5 axb5
14. Nbd2 {Risc II -0,31 verwirft im letzten Moment den deutlich besseren Zug
De2 (das hätte Stockfish mit -0,50 für Weiss bewertet), Stockfish +1,30 für
Schwarz.} Bxd5 15. b4 {Risc II -0,94, besser ist dxe5!} Nc4 {Pewatronic +0,8,
besser ist Sc6!} 16. Rxa8 Qxa8 17. Nxc4 Bxc4 {viel besser ist bxc4, was
Stockfish mit +1,60 für Schwarz sieht, diesen Zug nur noch mit +0,40 für
Schwarz, Stockfish sieht hier allerdings eine Variante für Weiss auf die der
Risc II wohl nicht kommen wird, denn er rechnet mit dxe5, fxe5, Sxe5 !!, der
E-Bauer kann also mit einem Figurnopfer genommen werden.} 18. Nh4 {war zu
erwarten, Stockfish +2,00 für Schwarz.} O-O 19. Qg4 Bd3 20. Qh3 Bc2 21. Qe6+
Kh8 22. Bb2 {viel besser ist Le3, was Stockfish mit +1,70 für Schwarz sieht,
diesen Zug bereits mit +3,00 für Schwarz mit der Fortsetzung Dc6!} Qc6 {
Pewatronic +1,4} 23. f4 {Risc II -1,08} Be4 24. Re3 Re8 {viel besser ist g6!}
25. Qf7 exd4 26. cxd4 Rg8 27. Qe6 Re8 28. Qf7 {Stockfish +0,80 für Schwarz.}
Ra8 29. Qe6 {Risc II -0,63} Bb1 {Pewatronic +1,0} 30. f5 h6 31. Re1 $2 {
ein ganz schlechter Zug, Stockfish bewertet hier die Fortsetzung La2 mit +3,00
für Schwarz, h3 hätte er nur mit -0,70 für Weiss gesehen.} Ba2 32. Ng6+ Kh7
33. Qe2 {Risc II -1,10} Bb3 {Pewatronic +1,80, weit besser ist Lf7 was
Stockfish schon mit +4,50 für Schwarz sieht, diesen Zug mit +2,00 für
Schwarz.} 34. g3 {und gleich noch ein ganz schlechter Zug vom Risc II, den
Stockfish sofort mit +6,00 für Schwarz bewertet, weit besser ist h4, was
Stockfish mit +2,20 für Schwarz sieht.} Ra2 35. Qd2 Qa8 36. Qc3 Bf7 37. h3 {
Risc II -1,52, viel besser ist noch Te2, was Stockfish aber auch schon mit +7,
00 für Schwarz sieht, diesen Zug bereits mit +10,00 für Schwarz mit der
Fortsetzung c5.} c5 {Pewatronic +2,80} 38. Kh2 cxb4 39. Qd2 Qd5 40. Re2 Qxf5
41. Nf4 Bc4 42. Rg2 b3 43. Qe1 Ba5 44. Qc1 d5 45. Rf2 Bc7 46. Qd1 Bd6 47. Qe1 {
Risc II -3,21} Qe4 {Pewatronic +4,4 (Stockfish +16,00)} 48. Qg1 Qe3 49. Rg2
Bxf4 50. gxf4 Qxg1+ 51. Kxg1 {Risc II -5,31 ----> AUFGABE !} 0-1

[Event "Turnier 40 / 120"]
[Site "Wien"]
[Date "2021.05.31"]
[Round "13"]
[White "Pewatronic Masterchess 24 MHz"]
[Black "Mephisto Risc 2"]
[Result "0-1"]
[WhiteElo "2183"]
[BlackElo "2237"]
[PlyCount "92"]
[EventDate "2021.??.??"]

1. e4 c6 2. Nf3 d5 3. Nc3 Bg4 4. h3 Bxf3 5. Qxf3 e6 {Buchende Risc II} 6. Be2 {
Buchende Pewatronic} d4 {Buchbewertung Risc II, -0,02} 7. Nb1 {Buchbewertung
Pewatronic, 0,0, lt. Stockfish steht Weiss etwas besser mit ca. +0,50.} Nd7 8.
d3 Bd6 9. O-O Ne7 10. c3 c5 11. Na3 O-O 12. Bg5 Ne5 13. Qh5 dxc3 14. bxc3 f6
15. Be3 Qa5 16. Nb1 Rad8 17. d4 cxd4 18. cxd4 N5c6 19. Qxa5 Nxa5 20. Nc3 f5 21.
f3 a6 22. Rab1 b5 23. Rfc1 Ba3 24. Rc2 Rc8 25. Bd3 {besser ist Lc1} Nec6 26.
Ne2 Nb4 27. Rxc8 Rxc8 28. Rd1 g6 29. Bh6 {besser ist Lb1} Nxd3 30. Rxd3 Bb4 {
besser ist Sc4} 31. Bd2 Bxd2 32. Rxd2 Kf7 33. g4 Ke7 34. gxf5 gxf5 35. Kf2 Rf8
36. Kg3 Nc4 37. Rd3 {besser ist Tc2} Nd6 {besser ist b4} 38. Re3 b4 39. d5 $2 {
ein fürchterlicher Zug, der die Partie mit der Fortsetzung e5 sofort verliert
(das bewertet Stockfish mit +4,00 für Schwarz), nötig war Sf4!} e5 {Risc II
macht den richtigen Zug sieht aber noch keinen grossen Vorteil, nur +0,24.} 40.
Kg2 fxe4 41. fxe4 {Pewatronic sieht keine Gefahr, 0,0 (Stockfish +5,00 für
Schwarz mit der Fortsetzung Tc8)} Rc8 {Risc II +0,61} 42. Kf3 {Pewatronic -1,0}
Rc2 43. a3 Nc4 44. axb4 Nxe3 45. Kxe3 Rc4 46. Ng1 Rxb4 {Userentscheid: 0-1} 0-1

[Event "Turnier 40 / 120"]
[Site "Wien"]
[Date "2021.06.01"]
[Round "14"]
[White "Mephisto Risc 2"]
[Black "Pewatronic Masterchess 24 MHz"]
[Result "1-0"]
[WhiteElo "2237"]
[BlackElo "2183"]
[PlyCount "77"]
[EventDate "2021.??.??"]

1. e4 c5 2. Nf3 Nc6 3. d4 cxd4 4. Nxd4 g6 5. c4 Bg7 6. Be3 Nf6 7. Nc3 Ng4 8.
Qxg4 Nxd4 9. Qd1 Ne6 10. Rc1 {Buchende Risc II} b6 {Buchende Pewatronic} 11.
Bd3 {Buchbewertung Risc II, +0,29} Bb7 {Buchbewertung Pewatronic, +0,2, lt.
Stockfish steht Weiss klar besser mit ca. +0,80} 12. O-O O-O 13. Qd2 Qe8 $2 14.
Bh6 Rc8 15. Bxg7 Nxg7 16. Nd5 d6 17. Rfd1 f6 18. Qc3 f5 19. Bb1 Qf7 20. exf5 {
Risc II +0,29} e6 $2 {Pewatronic -0,1 ????, Was bitte ist das für ein
IDIOTISCHER ZUG, sieht dieses blinde Huhn nicht, dass der D-Bauer sofort
verloren geht, das darf doch nicht wahr sein, was für eine jämmerliche
Vorstellung, das ist wieder so eine Partie wo der Bediener als arme Sau auf
das Ende warten muss, hoffentlich ist es bald vorbei, der Rest ist reine
Zeitverschwendung, Stockfish +2,00 für Weiss.} 21. Ne3 {Risc II +0,80} Nxf5
22. Nxf5 {besser ist Lxf5, aber es ist schon egal, diese Partie hat mein
Interesse verloren.} exf5 23. Rxd6 Rfe8 24. Bc2 Ba6 $2 {auch das ist ein
idiotischer Zug, der gleich 2 Bauerneinheiten schlechter ist als Dg7,
Stockfish +5,00 für Weiss.} 25. b3 {viel besser ist La4, was Stockfish mit +5,
00 bewertet, diesen Zug mit +2,50 aber wie gesagt, ist schon egal weil diese
Partie interessiert mich nicht mehr.} Rc7 26. Rcd1 Rce7 27. Rd8 Re2 28. Kf1 b5
$2 {der nächste Idiotenzug, das kann man nicht mehr kommentieren,} 29. R1d7
R2e7 30. Rxe7 {Risc II +1,68} Qxe7 {Pewatronic -0,5 ??????????????????????
also da kann man wirklich nur mehr staunen, Stockfish +5,30 für Weiss} 31.
Rxe8+ Qxe8 32. Qa5 Qc6 33. Bd3 bxc4 34. Qxa6 Qxa6 35. Bxc4+ Qxc4+ 36. bxc4 Kf7
37. Ke2 Ke6 38. Kd3 g5 39. Kd4 {Userentscheid: 1-0, das freut mich nicht mehr
sorry} 1-0

[Event "Turnier 40 / 120"]
[Site "Wien"]
[Date "2021.06.01"]
[Round "15"]
[White "Pewatronic Masterchess 24 MHz"]
[Black "Mephisto Risc 2"]
[Result "1/2-1/2"]
[WhiteElo "2183"]
[BlackElo "2237"]
[PlyCount "90"]
[EventDate "2021.??.??"]

1. d4 c6 2. e4 d5 3. e5 Bf5 4. Ne2 e6 5. Ng3 Bg6 6. h4 h6 {Buchende Risc II} 7.
h5 Bh7 {Buchbewertung Risc II, +0,02} 8. Bd3 Bxd3 9. Qxd3 {Buchende Pewatronic}
c5 10. c3 {Pewatronic ist mit seinem Buch gar nicht zufrieden, -0,5, lt.
Stockfish steht aber Weiss mit +0,50 besser.} Nc6 11. Be3 Qb6 12. Qc2 cxd4 13.
cxd4 Qa6 14. a3 Nb4 15. Qc3 Kd7 {Risc II +0,52} 16. Qd2 {Pewatronic -0,8, lt.
Stockfish steht hier überraschend Weiss besser mit +0,50} Nd3+ 17. Kd1 Qb5 $2
{Risc II +0,23, ein MEGABOCK vom Risc II, den Stockfish mit der Fortsetzung
Sc3 sofort mit +4,00 für Weiss bewertet, nötig war Sb4!} 18. Nc3 {Pewatronic
macht zwar den richtigen Zug sieht sich aber im Nachteil, -0,5} Qb3+ {Risc II
sieht noch keine Gefahr, +0,27} 19. Ke2 {Pewatronic -0,6, der richtige Zug
aber er sieht sich im Nachteil} Nxb2 {Risc II 0,00} 20. Rhb1 {Pewatronic -0,6}
Bxa3 {Risc II -0,98} 21. Nd1 $1 {Pewatronic -0,7, der richtige Zug, aber er
sieht sich immer noch im Nachteil. (Stockfish +4,80 für Weiss).} Qc4+ {
Risc II -0,27} 22. Kf3 {Pewatronic -0,5} Nxd1 23. Rxb7+ $1 {der richtige Zug,
viel besser als Dxd1} Kc6 {Risc II sieht keine Gefahr, +0,55} 24. Rxf7 $1 {
Pewatronic +0,2, der richtige Zug} Qb3 25. Rxd1 Ne7 {Risc II -1,12} 26. Rc1+ {
Pewatronic +0,8} Kd7 27. Rc3 Qa4 28. Qa2 $1 {der richtige Zug, viel besser als
Txg7} Raf8 {Risc II -0,26} 29. Rxf8 {Pewatronic +1,1 (Stockfish +6,40)} Qd1+
30. Ne2 Rxf8+ 31. Kg4 Bb4 {Risc II -0,89} 32. Rc1 {Pewatronic +1,7} Qd3 {
Risc II -1,43} 33. Qxa7+ Ke8 34. Nf4 $2 {ein MEGABOCK nun auch vom Pewatronic,
nach 34. Txf4 ! ist die Partie Remis, damit verschenkt er auf einen Schlag
einen Vorteil von 7,0 Bauerneinheiten !} Rxf4+ {Risc II findet den richtigen
Zug, Bewertung -0,53} 35. Kxf4 Bd2 36. Ra1 Qe2 37. Kg3 Qxh5 38. Qb8+ Kf7 39.
Qb7 g5 40. Ra7 Qh4+ 41. Kf3 Qh5+ 42. g4 Qh1+ 43. Ke2 Qe1+ 44. Kd3 Bb4 45. Kc2
Qc3+ {Weiss kommt nicht mehr aus dem Dauerschach, Remis} 1/2-1/2

[Event "Turnier 40 / 120"]
[Site "Wien"]
[Date "2021.06.01"]
[Round "16"]
[White "Mephisto Risc 2"]
[Black "Pewatronic Masterchess 24 MHz"]
[Result "1/2-1/2"]
[WhiteElo "2237"]
[BlackElo "2183"]
[PlyCount "116"]
[EventDate "2021.??.??"]

1. c4 e5 2. Nc3 Nc6 3. Nf3 Nf6 4. g3 d5 5. cxd5 Nxd5 6. Bg2 Be6 7. O-O {
Buchende Risc II} Nb6 {Buchende Pewatronic} 8. d3 {Buchbewertung Risc II, -0,02
} Be7 {Buchbewertung Pewatronic, -0,5, lt. Stockfish ist die Stellung ca.
gleich.} 9. Be3 O-O 10. d4 exd4 11. Nxd4 Nxd4 12. Qxd4 c6 13. Rfd1 Nc4 14. Ne4
Qa5 15. Bd2 Nxd2 16. Qxd2 Qxd2 17. Nxd2 Rfe8 18. e3 Bf6 19. Ne4 Be7 20. Nd2
Rad8 21. b3 h6 22. Nc4 Bg4 23. Rxd8 Rxd8 24. Rc1 {Risc II -0,16} Bf6 {
Pewatronic +0,5 / Stockfish +0,20 für Schwarz} 25. Be4 Bh3 26. Bg2 Bxg2 27.
Kxg2 b5 28. Na5 Rd2 29. Nxc6 Rxa2 30. Rd1 Ra6 31. Nb4 Ra3 32. Rd3 a5 33. Nc2 b4
34. Kf3 Ra2 35. Nd4 Kh7 36. h3 Kg6 37. h4 {Risc II -0,18} Rb2 {Pewatronic 0,0 /
Stockfish 0,00} 38. Nc6 Bc3 39. Nxa5 Be1 40. Nc6 f5 41. e4 Rxf2+ 42. Ke3 Rg2
43. Ne7+ Kh5 44. Nxf5 g6 45. Ng7+ Kg4 46. Rd6 Rxg3+ 47. Ke2 {Risc II +1,10,
erwartet Lc3} Kf4 $1 {Pewatronic -1,4, aber der richtige Zug, Lc3 hätte die
Partie sofort verloren, das schätzt Stockfish nur mit +0,18 für Weiss ein.}
48. Kxe1 Rg4 $2 {was bitte ist das wieder für ein IDIOTISCHER ZUG; WARUM UM
GOTTES WILLEN NICHT EINFACH KxE4 ?????; damit vergeigt der Pewatronic wieder
das Remis.} 49. h5 gxh5 50. Nxh5+ Ke3 51. Kf1 $2 {Und jetzt macht auch der
Risc II einen Megabock, umbedingt nötig war Kd1, das schätzt Stockfish nur
noch mit +0,70 für Weiss ein} Rxe4 52. Kg2 {Risc II +2,56} Rd4 $1 {Pewatronic
-2,4 (Stockfish 0,00 sieht dass der letzte Bauer verloren geht, der Pewatronic
bewertet natürlich die Minusfigur und hat davon keine Ahnung)} 53. Rf6 {
Risc II +2,24} Kd2 {Pewatronic -2,1} 54. Rf3 {Risc II +0,30 erkennt jetzt das
Problem.} Rd3 {Pewatronic -1,8} 55. Rf2+ {Risc II 0,00} Kc1 56. Nf6 Rxb3 57.
Rf1+ Kc2 58. Nd5 {Risc II glaubt jetzt wieder besser zu stehen, +0,67 ?} Rb1 {
Userentscheid: Remis} 1/2-1/2

[Event "Turnier 40 / 120"]
[Site "Wien"]
[Date "2021.06.02"]
[Round "17"]
[White "Pewatronic Masterchess 24 MHz"]
[Black "Mephisto Risc 2"]
[Result "0-1"]
[WhiteElo "2183"]
[BlackElo "2237"]
[PlyCount "99"]
[EventDate "2021.??.??"]

1. e4 e5 2. Nf3 Nc6 3. Nc3 Nf6 {Buchende Risc II} 4. Be2 d5 {Buchbewertung
Risc II, +0,07} 5. exd5 Nxd5 6. O-O {Buchende Pewatronic} a6 7. Nxd5 {
Buchbewertung Pewatronic +0,4 / lt. Stockfish ist die Stellung ausgeglichen.}
Qxd5 8. d3 Bc5 9. Ng5 Nd4 10. Bh5 g6 11. Bf3 Nxf3+ 12. Qxf3 Qxf3 13. Nxf3 f6
14. Re1 O-O 15. h3 {Pewatronic -0,2} Rd8 {Risc II +0,30 / Stockfish +0,40 für
Schwarz} 16. Be3 Bxe3 17. Rxe3 b5 18. Nd2 Bb7 19. f4 exf4 20. Re7 Re8 21. Rxc7
Re2 22. Nf3 {Pewatronic +0,1, ein ganz schlechter Zug, den Stockfish mit +2,00
für Schwarz bewertet mit der Fortsetzung Lxf3, nach Txb7 wäre die Stellung
ausgeglichen gewesen.} Bd5 {Risc II +0,25 lässt diese Chance aus, Stockfish
+0,30 für Schwarz mit der Fortsetzung Tf1.} 23. Rf1 Rae8 24. Rf2 g5 25. Nd4
R2e7 26. Rxe7 Rxe7 27. a3 {Pewatronic 0,0} Kf7 {Risc II +0,16, Stockfish hat
sich eingependelt auf +0,54 für Schwarz.} 28. b3 Bb7 29. Kf1 Kg6 30. Rd2 Rd7
31. Ne6 Rd6 32. Nc5 Bd5 33. Kf2 f5 34. c4 Bf7 35. cxb5 {ein schlechter Zug,
der einen Isolani erzeugt, besser ist Te2!} axb5 36. d4 Bd5 37. a4 {der
nächste ganz schlechte Zug, den Stockfish bereits mit +3,00 für Schwarz
bewertet, viel besser ist Te2, was Stockfish mit ca. +0,80 für Schwarz sieht.}
bxa4 {Risc II 0,00, sieht noch keinen Vorteil} 38. bxa4 {Pewatronic -0,5 
(Stockfish +4,50 für Schwarz mit der Fortsetzung g4)} Rb6 39. Nd3 Kf6 $2 {
jetzt auch vom Risc II ein ganz schlechter Zug, Stockfish bewertet hier die
Fortsetzung Tb1 mit +2,60 für Schwarz, diesen Zug mit der Fortsetzung Tb2 mit
0,00} 40. h4 h6 41. Nc5 {der nächste fürchterliche Zug, Stockfish sieht die
Fortsetzung Tb1 mit +4,00 für Schwarz, nötig war Tb2, dann wäre die
Stellung ausgeglichen.} Rb1 {Risc II sieht die richtige Fortsetzung +0,48,
damit ist die Partie wohl entschieden.} 42. Nd7+ Ke7 43. Ne5 Ra1 44. Re2 Kd6
45. Rb2 g4 46. Rb6+ {besser ist noch g3, aber das ist schon egal.} Kc7 47. Rxh6
g3+ 48. Ke2 Bxg2 49. a5 Rxa5 50. Kd2 {Userentscheid 0-1} 0-1